Statistics for Country Word Search - Large Edition

Click here to take the quiz!

General Stats

  • This quiz has been taken 14,166 times
  • The average score is 12 of 22

Answer Stats

Country % Correct
Philippines
99%
Namibia
98%
Burundi
92%
Samoa
73%
Tunisia
71%
Costa Rica
69%
Kenya
63%
Singapore
61%
North korea
60%
Netherlands
59%
Benin
52%
Norway
50%
Peru
48%
Cuba
42%
Iran
39%
Nicaragua
39%
Djibouti
37%
Albania
33%
Suriname
30%
Brunei
26%
Ecuador
22%
Laos
20%

Score Distribution

Percentile by Number Answered

Percent of People with Each Score

Your Score History

You have not taken this quiz